00000000nam##2200000za#4500
0019.615802
003CaOODSP
00520210615101310
007ta
008150406|2001||||xxc|||||     f|0| 0 eng|d
020 |a0-662-31129-9
040 |aCaOODSP|beng
043 |an-cn---
0861 |aH113-9/2001-4E
1101 |aCanada. |bPest Management Regulatory Agency.
24510|aEthylene: Eco Sprout Guard
260 |aOttawa - Ontario : |bHealth Canada. |c2001.
300 |a17p. ; |c28 cm.
4901 |aProposed registration decision |vPRDD 2001-04
563 |aSoftcover
590 |a01-42|b2001-10-19
69007|aPotatoes|2gcpds
69007|aAgri-food industry|2gcpds
77508|tÉthylène: Eco Sprout Guard |w(CaOODSP)9.625818
7760#|tEthylene - Eco Sprout Guard |w(CaOODSP)9.557966
830#0|aProposed registration decision ;|vPRDD 2001-04|w(CaOODSP)9.514704